000 00467cam a22001337a 4500
008 180718b1982 xxu||||| |||| 00| 0 eng d
082 _aI582 T524
100 _aTisdall, Patricia
245 _aAgents of change: the development and practice of managementconsultancy
_cby Patricia Tisdall
260 _aLondon
_bHeinemann
_c1982
300 _a163p.
500 _aPublished in association with the Institute of management consultants
650 _aConsultants - Management
999 _c355608
_d355608